Religion Quiz

Random Religion or Church Quiz

Which Religion's Symbol? Quiz Stats

 Plays Quiz not verified by Sporcle

Score 0/25 Timer 06:00
0 Plays Today
Question Answer Wrong Answers
Christianity
90.3%
Satanism
1.2%
Sikhism
1%
Ancient Egyptian
0.9%
Islam
86.5%
Christianity
0.8%
Judaism
2.7%
Hinduism
3.1%
Judaism
84.6%
Islam
5.2%
Shinto
2.1%
Rastafarian
1.3%
Shinto
82.8%
Aboriginal
3.8%
Mormonism
4%
Scientology
2.4%
Hinduism
82.1%
Christianisty
1.7%
Judaism
4%
Wicca
4.9%
Taoism
80.5%
Shinto
8.2%
Judaism
1.7%
Jainism
2.9%
Ancient Egyptian
77.6%
Ancient Greek
5.3%
Byzantine
4%
Aztec
6.6%
Wicca
72.5%
Christianity
1.7%
Judaism
15.2%
Islam
3.5%
Sikhism
70.2%
Jainism
14%
Buddhism
3.6%
Hinduism
4.9%
Mormonism
64.3%
Scientology
18.1%
Satanism
7.8%
Islam
2.9%
Rastafarian
62.8%
Ancient Egyptian
4.9%
Zulu
17.5%
Existentialism
8%
Raëlism
61.8%
Wicca
13.3%
Judaism
12.1%
Hinduism
5.6%
Church of the Flying Spaghetti Monster
59.7%
Church of Cthulhu
24.6%
Ancient Greek
4.8%
Ancient Roman
3.6%
Bahá'í Faith
59.6%
Neo-Roman
8.5%
Zulu
14%
Taoism
10.4%
Zoroastrianism
53.6%
Ancient Egyptian
23.9%
Rastafarian
5.8%
Zulu
9.6%
Neo-Druidism
51%
Neo-Greco
13%
Voodoo
13.6%
Jediism
15.2%
Jainism
47.8%
Realism
9.7%
Buddhism
15.6%
Zenism
20.1%
Buddhism
46.6%
Shinto
15.3%
Christianity
1.7%
Neo-Greco
29.2%
Neo-Paganism
46%
Jainism
11.1%
Raëlism
12.5%
Neo-Roman
23.2%
Haitian Vodou
43.3%
Wicca
10.3%
Neo-Greco
19.6%
Celtic
19.5%
Southern Baptist
36%
First Baptist
18%
Northern Baptist
16.8%
New Baptist
21.6%
Scientology
34.7%
Church of Unity
34.1%
Zoroastrianism
12%
Baptist
11.9%
Presbyterian Church
26.2%
Baptist Church
8.8%
Jehovah's Witnesses
35.9%
Trinity Church
21.6%
Happy Science
24.5%
Weird Science
20.4%
Heaven's Gate
38.9%
Wicca
9.3%
Jediism
24.3%
Trekism
25.5%
Paganism
17.5%
Worldism
25.7%

You're not logged in!

Compare scores with friends on all Sporcle quizzes.
OR
Log In

Sporcle TV

Today on Sporcle TV


Watch our educational content, quiz creation guides, and fun videos on Sporcle TV.

Show Comments

Extras

Top Quizzes Today


Score Distribution

Your Account Isn't Verified!

In order to create a playlist on Sporcle, you need to verify the email address you used during registration. Go to your Sporcle Settings to finish the process.

Report this User

Report this user for behavior that violates our Community Guidelines.

Details: